Największe państwa w Historii Afryki - Statystyki

Ogólne statystyki
  • Ten quiz został rozwiązany 408 razy
  • Średni wynik to 8 z 18
Statystyki odpowiedzi
Powierzchnia Imperium % Poprawnych
4 2,3 (mln km2) Algieria
88%
7 2,0 (mln km2) Związek Południowej Afryki
83%
3 2,5 (mln km2) Sudan
78%
8 1,8 (mln km2) Sudan Północny
78%
4 2,3 (mln km2) Demokratyczna Republika Konga
76%
12 1,3 (mln km2) Cesarstwo Etiopi
68%
9 1,7 (mln km2) Libia
65%
13 1,2 (mln km2) Niger
64%
13 1,2 (mln km2) Imperium Mali
61%
10 1,4 (mln km2) Federacja Mali
60%
13 1,2 (mln km2) Czad
56%
13 1,2 (mln km2) Angola
47%
6 2,1 (mln km2) Sułtanat Mameluków
7%
10 1,4 (mln km2) Songhaj
5%
13 1,2 (mln km2) Aksum
3%
1 5,1 (mln km2) Kalifat Fatymidów
3%
2 2,7 (mln km2) Ajjubidzi
1%
7 2,0 (mln km2) Almohadzi
1%
Nie znaleziono quizów pasujących do podanych kryteriów
Rozkład punktacji
Procent ludzi z każdym wynikiem
Percentyl według liczby udzielonych odpowiedzi
Twoja historia wyników
Nie rozwiązałeś tego quizu